Majetok na finančný lízing je od nového roku súčasťou aktív nájomcu

Lízingové zmluvy uzatvorené v tomto roku (2004) sa už účtujú podobne ako v medzinárodných štandardoch. Zmena účtovania finančného lízingu. K zmene došlo podľa zákona č. 431/2002 Z.z. o účtovníctve v znení zákona č. 562/2003 Z.z. Štandardy u nájomcu. Daňové stanovisko. Zmeny v účtovaní.

Salvato in:
Dettagli Bibliografici
Autore principale: Mäsiarová, Terézia
Natura: Capitolo di libro
Lingua:slovacco
Soggetti:
Tags: Aggiungi Tag
Nessun Tag, puoi essere il primo ad aggiungerne!!

MARC

LEADER 00000naa$a2200000$$$4500
001 0008087
005 20231009074530.3
041 0 |a slo 
044 |a SK 
245 1 0 |a Majetok na finančný lízing je od nového roku súčasťou aktív nájomcu  |c aut. Terézia Mäsiarová 
520 |a Lízingové zmluvy uzatvorené v tomto roku (2004) sa už účtujú podobne ako v medzinárodných štandardoch. Zmena účtovania finančného lízingu. K zmene došlo podľa zákona č. 431/2002 Z.z. o účtovníctve v znení zákona č. 562/2003 Z.z. Štandardy u nájomcu. Daňové stanovisko. Zmeny v účtovaní. 
610 2 0 |a lízing finančný 
610 2 0 |a štandardy účtovné medzinárodné 
610 2 0 |a zákony 
610 2 0 |a nájomcovia 
610 2 0 |a dane 
610 2 0 |a účtovanie 
100 1 |a Mäsiarová, Terézia